000 00684nam a2200289Ia 4500
005 20260324122023.0
008 008 260324s9999 xx 000 0 eng d
020 _a9780203102985
037 _aEBOOK
040 _aCRL
040 _beng
040 _cCRL
041 _2eng
041 _aeng
084 _qCRL
100 _aCharles Marsh
_91164797
245 0 _aClassical Rhetoric and Modern Public Relations
245 3 _bAn Isocratean Model
260 _bTaylor and Francis
260 _c2013
365 _a
365 _b240
856 _uhttp://www.taylorfrancis.com/books/9780203102985
942 _cEBOOK
999 _c1757238
_d1757238